La Bonne Auberge - Personnage par anecdote - Statistiques

Statistiques générales
  • Ce quiz a été pris 32 fois
  • Le résultat moyen est 7 sur 13
Statistiques - réponses
Hint Réponse % Correct
Pfffffff Mais qui eshe qui m'appelle encore à chette heure chi ? Fehmi
93%
Je ne suis pas fille unique ! Mina
83%
C'est gentil mais moi les saucisses-lentilles je vais les prendre sans saucisses... sans lentilles non plus d'ailleurs... Sham
83%
Ooooh, ça vaaaa... laissez moi tranquille, je rangerai ma chambre quand j'en aurai envie ! Trépide
83%
Évidemment que je parle le nain... Ditmir
80%
Alors, j'ai une proposition un peu folle mais : et si on essayait de faire un truc censé et un minimum construit ? Birzim
67%
Est-ce que vraiment, on peut réellement affirmer que c'était de ma faute ? Corb
67%
Y'a un gars, il a volé le nez de mon parain... Brunus
43%
Oooooooooh Meh ? Ooooooooh ! Corvinus
40%
Nan mais moi... burp... ça me dérange pas du tout...burp... de vous emmener là bas. J'sais pas trop... burp... pourquoi d'ailleurs parce que c'est pas du tout sur mon chemin Durim
33%
Il est vraiment très très TRÈS très long cet apprentissage... Arsael
30%
Hummmm... Cette salle de musculation devient définitivement trop petite pour moi Izati
23%
Mais, parfaitement, le mot "esquidanser" existe, ça signifie... "faire un dessin de quelqu'un qui danse" il peut être utiliser dans des phrases telle que "j'esquidanse cette jeune femme au parfum généreux" Dahmnait
17%
Aucun quiz correspondant
Distribution des résultats
% des personnes avec chaque résultat
Percentile par nombre de réponses
Votre historique - résultats
Vous n’avez pas pris ce quiz